Loading...

SREEMADBHAGAVATHA MAHATMYAM

Bibliographic Details
Main Author: KESAVAPILLAI,PANGAPPARA
Format: Printed Book
Published: PANGAPPARA 1959
Subjects:
LEADER 00479nam a2200169 4500
020
082 |a 294.592 4S KES 
100 |a KESAVAPILLAI,PANGAPPARA 
245 |a SREEMADBHAGAVATHA MAHATMYAM  |h Malayalam 
250
260 |a PANGAPPARA  |c 1959 
300 |a 74 p  |f PB 
650 |a SREEMADBHAGAVATHA MAHATMYAM 
700
942 |c TB 
999 |c 152718  |d 152718 
952 |0 0  |1 0  |4 0  |6 294_592000000000000_4S_KES  |7 0  |9 166175  |a ORI  |b ORI  |l 0  |o 294.592 4S KES  |p ORI887  |r 2019-10-25  |w 2019-10-25  |y TB